[Event "POHÁR města Říčany 2023"]
[Site "Městské kulturní středisko U labutě"]
[Date "2023.08.27"]
[Round "3.1"]
[White "Davidek, Zdenek"]
[Black "Neuman, Petr"]
[Result "0-1"]
[WhiteFideId "23725001"]
[BlackFideId "305243"]
[WhiteElo "2051"]
[BlackElo "2370"]
[PlyCount "0"]
[EventDate "2023.08.26"]

1. d4 {[%clk 01:30:49]} {[%emt 00:00:10]} d6 {[%clk 01:30:48]} {[%emt
00:00:13]} 2. Nf3 {[%clk 01:29:34]} {[%emt 00:01:45]} Nf6 {[%clk 01:30:39]}
{[%emt 00:00:39]} 3. g3 {[%clk 01:29:50]} {[%emt 00:00:14]} Nbd7 {[%clk
01:30:51]} {[%emt 00:00:18]} 4. Bg2 {[%clk 01:29:22]} {[%emt 00:00:58]} e5
{[%clk 01:31:13]} {[%emt 00:00:09]} 5. O-O {[%clk 01:28:51]} {[%emt 00:01:00]}
e4 {[%clk 01:30:51]} {[%emt 00:00:51]} 6. Nfd2 {[%clk 01:27:18]} {[%emt
00:02:03]} d5 {[%clk 01:31:04]} {[%emt 00:00:17]} 7. c4 {[%clk 01:26:57]}
{[%emt 00:00:50]} c6 {[%clk 01:30:52]} {[%emt 00:00:42]} 8. Nc3 {[%clk
01:27:12]} {[%emt 00:00:15]} Be7 {[%clk 01:29:45]} {[%emt 00:01:37]} 9. f3
{[%clk 01:25:18]} {[%emt 00:02:24]} exf3 {[%clk 01:27:25]} {[%emt 00:02:52]} 10.
Bxf3 {[%clk 01:22:46]} {[%emt 00:03:01]} O-O {[%clk 01:27:12]} {[%emt
00:00:43]} 11. e4 dxe4 {[%clk 01:27:05]} 12. Ndxe4 {[%clk 01:17:06]} {[%emt
00:02:08]} Nxe4 {[%clk 01:26:44]} {[%emt 00:00:51]} 13. Nxe4 {[%clk 01:05:54]}
{[%emt 00:11:42]} Nf6 {[%clk 01:27:06]} {[%emt 00:00:07]} 14. Be3 {[%clk
01:04:58]} {[%emt 00:01:25]} Bh3 {[%clk 01:26:47]} {[%emt 00:00:49]} 15. Rf2
{[%clk 01:00:29]} {[%emt 00:05:00]} Re8 {[%clk 01:25:46]} {[%emt 00:01:30]} 16.
Ng5 {[%clk 00:33:54]} {[%emt 00:27:06]} Bc8 {[%clk 01:25:03]} {[%emt 00:01:13]}
17. Qd3 {[%clk 00:26:34]} {[%emt 00:07:51]} g6 {[%clk 01:22:16]} {[%emt
00:03:17]} 18. Rd1 {[%clk 00:24:26]} {[%emt 00:02:37]} Bf5 {[%clk 01:15:57]}
{[%emt 00:06:49]} 19. Ne4 {[%clk 00:22:54]} {[%emt 00:02:02]} Bxe4 {[%clk
00:55:15]} {[%emt 00:21:12]} 20. Bxe4 {[%clk 00:23:19]} {[%emt 00:00:05]} Ng4
{[%clk 00:54:32]} {[%emt 00:01:13]} 21. Re2 {[%clk 00:20:39]} {[%emt 00:03:10]}
Nxe3 {[%clk 00:54:56]} {[%emt 00:00:05]} 22. Rxe3 {[%clk 00:19:31]} {[%emt
00:01:38]} Bf6 {[%clk 00:55:21]} {[%emt 00:00:06]} 23. Kh1 {[%clk 00:12:48]}
{[%emt 00:07:13]} Qb6 {[%clk 00:53:41]} {[%emt 00:02:10]} 24. b3 {[%clk
00:10:59]} {[%emt 00:02:19]} Bxd4 {[%clk 00:53:16]} {[%emt 00:00:55]} 25. Qxd4
{[%clk 00:07:58]} {[%emt 00:03:32]} Rad8 {[%clk 00:53:21]} {[%emt 00:00:24]} 26.
Bd5 {[%clk 00:08:12]} {[%emt 00:00:17]} Rxe3 {[%clk 00:52:38]} {[%emt
00:01:12]} 27. c5 {[%clk 00:04:36]} {[%emt 00:04:06]} Rxd5 {[%clk 00:52:50]}
{[%emt 00:00:18]} 28. Qxd5 {[%clk 00:04:57]} {[%emt 00:00:09]} Qb4 {[%clk
00:49:40]} {[%emt 00:03:39]} 29. Qd8+ {[%clk 00:03:02]} {[%emt 00:02:25]} Kg7
{[%clk 00:50:05]} {[%emt 00:00:05]} 30. Qd4+ {[%clk 00:02:03]} {[%emt
00:01:29]} Qxd4 {[%clk 00:50:30]} {[%emt 00:00:05]} 31. Rxd4 {[%clk 00:02:30]}
{[%emt 00:00:04]} Rc3 {[%clk 00:50:06]} {[%emt 00:00:53]} 32. Ra4 {[%clk
00:01:47]} {[%emt 00:01:13]} a6 {[%clk 00:50:04]} {[%emt 00:00:31]} 33. Rb4
{[%clk 00:02:13]} {[%emt 00:00:05]} Rxc5 {[%clk 00:49:23]} {[%emt 00:01:12]} 34.
Rxb7 {[%clk 00:02:37]} {[%emt 00:00:05]} a5 {[%clk 00:48:50]} {[%emt 00:01:03]}
35. a3 {[%clk 00:01:08]} {[%emt 00:02:00]} Kf6 {[%clk 00:46:35]} {[%emt
00:02:44]} 36. Rb6 {[%clk 00:01:00]} {[%emt 00:00:39]} Ke5 {[%clk 00:45:02]}
{[%emt 00:02:02]} 37. Rb7 {[%clk 00:00:43]} {[%emt 00:00:48]} Ke6 {[%clk
00:45:26]} {[%emt 00:00:05]} 38. b4 {[%clk 00:00:34]} {[%emt 00:00:39]} axb4
{[%clk 00:44:48]} {[%emt 00:01:09]} 39. axb4 {[%clk 00:01:04]} {[%emt
00:00:01]} Rb5 {[%clk 00:38:27]} {[%emt 00:06:51]} 40. Rc7 {[%clk 00:01:29]}
{[%emt 00:00:05]} Rb6 {[%clk 00:38:54]} {[%emt 00:00:03]} 41. Kg2 {[%clk
00:01:27]} {[%emt 00:00:31]} h5 {[%clk 00:39:20]} {[%emt 00:00:04]} 42. Kf3
{[%clk 00:00:48]} {[%emt 00:01:10]} g5 {[%clk 00:38:16]} {[%emt 00:01:33]} 43.
g4 {[%clk 00:00:37]} {[%emt 00:00:42]} hxg4+ {[%clk 00:37:33]} {[%emt
00:01:13]} 44. Kxg4 {[%clk 00:01:06]} {[%emt 00:00:01]} f6 {[%clk 00:37:55]}
{[%emt 00:00:08]} 45. Kh5 {[%clk 00:00:49]} {[%emt 00:00:46]} Kf5 {[%clk
00:37:56]} {[%emt 00:00:29]} 46. h3 {[%clk 00:00:38]} {[%emt 00:00:42]} Rxb4
{[%clk 00:37:26]} {[%emt 00:00:59]} 0-1

[Event "POHÁR města Říčany 2023"]
[Site "Městské kulturní středisko U labutě"]
[Date "2023.08.27"]
[Round "3.2"]
[White "Smolik, Jachym"]
[Black "Rut, Vojtech"]
[Result "1/2-1/2"]
[WhiteFideId "23701641"]
[BlackFideId "333190"]
[WhiteElo "2340"]
[BlackElo "2061"]
[PlyCount "0"]
[EventDate "2023.08.26"]

1. d4 {[%clk 01:30:59]} f5 {[%clk 01:30:46]} {[%emt 00:00:14]} 2. g3 {[%clk
01:31:15]} {[%emt 00:00:14]} Nf6 {[%clk 01:31:07]} {[%emt 00:00:09]} 3. Bg2
{[%clk 01:31:42]} {[%emt 00:00:03]} e6 {[%clk 01:31:14]} {[%emt 00:00:23]} 4.
Nf3 {[%clk 01:32:06]} {[%emt 00:00:06]} d5 {[%clk 01:31:08]} {[%emt 00:00:37]}
5. O-O {[%clk 01:32:10]} {[%emt 00:00:25]} Bd6 {[%clk 01:31:35]} {[%emt
00:00:04]} 6. c4 {[%clk 01:32:34]} {[%emt 00:00:06]} O-O {[%clk 01:31:51]}
{[%emt 00:00:14]} 7. b3 {[%clk 01:32:28]} {[%emt 00:00:36]} b6 {[%clk
01:31:52]} {[%emt 00:00:29]} 8. Ba3 {[%clk 01:29:40]} {[%emt 00:03:18]} Bb7
{[%clk 01:31:22]} {[%emt 00:01:00]} 9. Ne5 {[%clk 01:22:54]} {[%emt 00:07:16]}
Qe7 {[%clk 01:28:54]} {[%emt 00:02:57]} 10. Qc1 {[%clk 01:12:32]} {[%emt
00:10:52]} Nbd7 {[%clk 01:22:23]} {[%emt 00:07:01]} 11. Nd3 {[%clk 00:56:39]}
{[%emt 00:16:23]} Ne4 {[%clk 01:05:41]} {[%emt 00:17:12]} 12. f3 {[%clk
00:44:46]} {[%emt 00:12:23]} dxc4 {[%clk 01:04:21]} {[%emt 00:01:50]} 13. bxc4
{[%clk 00:44:49]} {[%emt 00:00:28]} Qf6 {[%clk 00:57:03]} {[%emt 00:07:49]} 14.
Bb2 {[%clk 00:18:24]} {[%emt 00:26:55]} Nxg3 {[%clk 00:54:17]} {[%emt
00:03:15]} 15. hxg3 {[%clk 00:18:45]} {[%emt 00:00:09]} Bxg3 {[%clk 00:54:35]}
{[%emt 00:00:12]} 16. Nf2 {[%clk 00:18:48]} {[%emt 00:00:26]} Qh4 {[%clk
00:52:50]} {[%emt 00:02:15]} 17. Nh3 {[%clk 00:19:16]} {[%emt 00:00:02]} h6
{[%clk 00:43:02]} {[%emt 00:10:19]} 18. Qe3 {[%clk 00:17:21]} {[%emt 00:02:25]}
Rf6 {[%clk 00:41:46]} {[%emt 00:01:46]} 19. Rd1 {[%clk 00:12:16]} {[%emt
00:05:35]} Rg6 {[%clk 00:41:32]} {[%emt 00:00:45]} 20. Kf1 {[%clk 00:12:29]}
{[%emt 00:00:17]} Re8 {[%clk 00:39:12]} {[%emt 00:02:50]} 21. Na3 {[%clk
00:11:59]} {[%emt 00:00:59]} Nf6 {[%clk 00:35:53]} {[%emt 00:03:49]} 22. Bc3
{[%clk 00:11:04]} {[%emt 00:01:26]} Nh5 {[%clk 00:33:16]} {[%emt 00:03:07]} 23.
Nc2 {[%clk 00:09:42]} {[%emt 00:01:50]} Bf4 {[%clk 00:27:11]} {[%emt 00:06:35]}
24. Be1 {[%clk 00:08:33]} {[%emt 00:01:40]} Bg3 {[%clk 00:25:00]} {[%emt
00:02:41]} 25. Bc3 {[%clk 00:04:52]} {[%emt 00:04:11]} Bf4 {[%clk 00:22:55]}
{[%emt 00:02:35]} 26. Be1 {[%clk 00:05:20]} {[%emt 00:00:02]} Bg3 {[%clk
00:22:08]} {[%emt 00:01:17]} 27. Bc3 {[%clk 00:05:47]} {[%emt 00:00:03]} Bf4
{[%clk 00:22:10]} {[%emt 00:00:27]} 1/2-1/2

[Event "POHÁR města Říčany 2023"]
[Site "Městské kulturní středisko U labutě"]
[Date "2023.08.27"]
[Round "3.3"]
[White "Novotny, David"]
[Black "Horak, Martin"]
[Result "0-1"]
[WhiteFideId "374083"]
[BlackFideId "367095"]
[WhiteElo "1985"]
[BlackElo "2302"]
[PlyCount "0"]
[EventDate "2023.08.26"]

1. d4 {[%clk 01:29:52]} {[%emt 00:01:07]} Nf6 {[%clk 01:30:47]} {[%emt
00:00:13]} 2. Nf3 {[%clk 01:29:57]} {[%emt 00:00:24]} e6 {[%clk 01:30:32]}
{[%emt 00:00:46]} 3. Bf4 {[%clk 01:29:09]} {[%emt 00:01:17]} c5 {[%clk
01:30:04]} {[%emt 00:00:59]} 4. c3 {[%clk 01:27:35]} {[%emt 00:02:04]} Nc6
{[%clk 01:27:39]} {[%emt 00:02:55]} 5. e3 {[%clk 01:24:28]} {[%emt 00:03:36]}
d5 {[%clk 01:27:30]} {[%emt 00:00:40]} 6. Nbd2 {[%clk 01:23:31]} {[%emt
00:01:26]} cxd4 {[%clk 01:27:03]} {[%emt 00:00:58]} 7. exd4 {[%clk 01:18:30]}
{[%emt 00:05:31]} Nh5 {[%clk 01:27:05]} {[%emt 00:00:28]} 8. Bg5 {[%clk
01:07:46]} {[%emt 00:11:13]} f6 {[%clk 01:25:25]} {[%emt 00:02:10]} 9. Be3
{[%clk 00:58:29]} {[%emt 00:09:47]} Bd6 {[%clk 01:25:03]} {[%emt 00:00:52]} 10.
Ne5 {[%clk 00:52:21]} {[%emt 00:06:39]} g6 {[%clk 01:23:25]} {[%emt 00:02:07]}
11. Nd3 {[%clk 00:50:32]} {[%emt 00:02:19]} O-O {[%clk 01:11:40]} {[%emt
00:12:15]} 12. g4 {[%clk 00:37:33]} {[%emt 00:13:29]} Ng7 {[%clk 01:11:18]}
{[%emt 00:00:53]} 13. f4 {[%clk 00:30:20]} {[%emt 00:07:43]} e5 {[%clk
01:08:35]} {[%emt 00:03:13]} 14. Bg2 {[%clk 00:26:49]} {[%emt 00:04:00]} exd4
{[%clk 01:05:08]} {[%emt 00:03:57]} 15. cxd4 {[%clk 00:25:12]} {[%emt
00:02:07]} Re8 {[%clk 00:58:08]} {[%emt 00:07:30]} 16. Kf2 {[%clk 00:25:12]}
{[%emt 00:00:30]} Bc7 {[%clk 00:46:50]} {[%emt 00:11:48]} 17. Qf3 {[%clk
00:19:51]} {[%emt 00:05:51]} Bb6 {[%clk 00:39:57]} {[%emt 00:07:24]} 18. Nb3
{[%clk 00:16:50]} {[%emt 00:03:31]} Re4 {[%clk 00:32:02]} {[%emt 00:08:25]} 19.
Ndc5 {[%clk 00:16:39]} {[%emt 00:00:42]} Nxd4 {[%clk 00:28:11]} {[%emt
00:04:20]} 20. Bxd4 {[%clk 00:16:55]} {[%emt 00:00:14]} Rxd4 {[%clk 00:28:34]}
{[%emt 00:00:08]} 21. Rad1 {[%clk 00:11:35]} {[%emt 00:05:50]} Ne6 {[%clk
00:20:25]} {[%emt 00:08:38]} 22. Rxd4 {[%clk 00:09:10]} {[%emt 00:02:55]} Nxc5
{[%clk 00:16:51]} {[%emt 00:04:04]} 23. Qxd5+ {[%clk 00:08:16]} {[%emt
00:01:23]} Qxd5 {[%clk 00:16:31]} {[%emt 00:00:50]} 24. Bxd5+ {[%clk 00:08:20]}
{[%emt 00:00:25]} Kf8 {[%clk 00:16:39]} {[%emt 00:00:22]} 25. Kg3 {[%clk
00:03:48]} {[%emt 00:05:02]} Nxb3 {[%clk 00:16:55]} {[%emt 00:00:14]} 26. Re4
{[%clk 00:03:36]} {[%emt 00:00:42]} Nc5 {[%clk 00:16:39]} {[%emt 00:00:46]} 27.
Re2 {[%clk 00:03:56]} {[%emt 00:00:10]} Bd7 {[%clk 00:13:46]} {[%emt 00:03:24]}
28. b4 {[%clk 00:02:41]} {[%emt 00:01:46]} Nd3 {[%clk 00:13:47]} {[%emt
00:00:28]} 29. Rd1 {[%clk 00:01:56]} {[%emt 00:01:15]} Nxb4 {[%clk 00:07:59]}
{[%emt 00:06:17]} 30. Bxb7 {[%clk 00:02:22]} {[%emt 00:00:05]} Re8 {[%clk
00:08:14]} {[%emt 00:00:15]} 31. Rxe8+ {[%clk 00:00:35]} {[%emt 00:02:17]} Bxe8
{[%clk 00:08:23]} {[%emt 00:00:20]} 32. a3 {[%clk 00:00:38]} {[%emt 00:00:28]}
Nc2 {[%clk 00:08:27]} {[%emt 00:00:26]} 33. Rd3 {[%clk 00:00:40]} {[%emt
00:00:28]} Nd4 {[%clk 00:08:01]} {[%emt 00:00:56]} 34. g5 {[%clk 00:00:32]}
{[%emt 00:00:39]} Ne6 {[%clk 00:07:05]} {[%emt 00:01:26]} 35. Rd5 {[%clk
00:00:32]} {[%emt 00:00:30]} Bc7 {[%clk 00:06:44]} {[%emt 00:00:50]} 36. gxf6
{[%clk 00:00:34]} {[%emt 00:00:29]} Nxf4 {[%clk 00:06:29]} {[%emt 00:00:45]} 37.
Rd1 {[%clk 00:00:36]} {[%emt 00:00:28]} Kf7 {[%clk 00:05:19]} {[%emt 00:01:39]}
38. Rf1 {[%clk 00:00:33]} {[%emt 00:00:34]} Nh5+ {[%clk 00:04:31]} {[%emt
00:01:18]} 39. Kh4 {[%clk 00:00:33]} {[%emt 00:00:30]} Nxf6 {[%clk 00:04:06]}
{[%emt 00:00:54]} 40. Kg5 {[%clk 00:00:31]} {[%emt 00:00:32]} Kg7 {[%clk
00:04:06]} {[%emt 00:00:30]} 41. Re1 {[%clk 00:00:32]} {[%emt 00:00:29]} h6+
{[%clk 00:03:51]} {[%emt 00:00:45]} 42. Kh4 {[%clk 00:01:00]} {[%emt 00:00:02]}
Bd7 {[%clk 00:04:01]} {[%emt 00:00:21]} 0-1

[Event "POHÁR města Říčany 2023"]
[Site "Městské kulturní středisko U labutě"]
[Date "2023.08.27"]
[Round "3.4"]
[White "Seidl, Jan"]
[Black "Rousek, Jan"]
[Result "1-0"]
[WhiteFideId "23714522"]
[BlackFideId "386669"]
[WhiteElo "2163"]
[BlackElo "2028"]
[PlyCount "0"]
[EventDate "2023.08.26"]

1. e4 {[%clk 01:30:57]} {[%emt 00:00:02]} c5 {[%clk 01:30:43]} {[%emt
00:00:18]} 2. Nf3 {[%clk 01:31:19]} {[%emt 00:00:08]} e6 {[%clk 01:30:55]}
{[%emt 00:00:18]} 3. b3 {[%clk 01:30:54]} {[%emt 00:00:55]} Nc6 {[%clk
01:28:11]} {[%emt 00:03:14]} 4. Bb5 {[%clk 01:27:50]} {[%emt 00:03:33]} Nf6
{[%clk 01:23:08]} {[%emt 00:05:33]} 5. e5 {[%clk 01:25:31]} {[%emt 00:02:50]}
Nd5 {[%clk 01:23:05]} {[%emt 00:00:32]} 6. O-O {[%clk 01:24:13]} {[%emt
00:01:48]} Be7 {[%clk 01:17:25]} {[%emt 00:06:11]} 7. Bxc6 {[%clk 01:16:40]}
{[%emt 00:08:03]} bxc6 {[%clk 01:17:01]} {[%emt 00:00:54]} 8. c4 {[%clk
01:11:56]} {[%emt 00:05:13]} Nb6 {[%clk 01:12:53]} {[%emt 00:04:39]} 9. Nc3
{[%clk 01:12:07]} {[%emt 00:00:18]} O-O {[%clk 00:58:06]} {[%emt 00:15:17]} 10.
Ba3 {[%clk 01:07:08]} {[%emt 00:05:30]} f5 {[%clk 00:42:41]} {[%emt 00:15:54]}
11. Ne1 {[%clk 00:58:03]} {[%emt 00:09:36]} d6 {[%clk 00:32:18]} {[%emt
00:10:52]} 12. Nd3 {[%clk 00:53:01]} {[%emt 00:05:34]} dxe5 {[%clk 00:26:10]}
{[%emt 00:06:38]} 13. Nxe5 {[%clk 00:53:11]} {[%emt 00:00:19]} Bd6 {[%clk
00:22:06]} {[%emt 00:04:34]} 14. Qe2 {[%clk 00:52:13]} {[%emt 00:01:29]} Qc7
{[%clk 00:20:59]} {[%emt 00:01:36]} 15. f4 {[%clk 00:50:09]} {[%emt 00:02:34]}
Nd7 {[%clk 00:18:40]} {[%emt 00:02:49]} 16. Rae1 {[%clk 00:48:41]} {[%emt
00:01:58]} Nxe5 {[%clk 00:17:47]} {[%emt 00:01:23]} 17. fxe5 {[%clk 00:49:06]}
{[%emt 00:00:06]} Be7 {[%clk 00:18:04]} {[%emt 00:00:13]} 18. Na4 {[%clk
00:48:12]} {[%emt 00:01:24]} Qa5 {[%clk 00:16:22]} {[%emt 00:02:11]} 19. d4
{[%clk 00:46:45]} {[%emt 00:01:58]} Rd8 {[%clk 00:16:06]} {[%emt 00:00:45]} 20.
Rd1 {[%clk 00:47:05]} {[%emt 00:00:10]} Qc7 {[%clk 00:02:22]} {[%emt 00:14:14]}
21. Bxc5 {[%clk 00:47:03]} {[%emt 00:00:33]} Bxc5 {[%clk 00:02:30]} {[%emt
00:00:21]} 22. Nxc5 {[%clk 00:45:51]} {[%emt 00:01:42]} Qe7 {[%clk 00:02:20]}
{[%emt 00:00:39]} 23. Kh1 {[%clk 00:45:11]} {[%emt 00:01:11]} Rb8 {[%clk
00:02:01]} {[%emt 00:00:49]} 24. Qf2 {[%clk 00:43:02]} {[%emt 00:02:40]} Bd7
{[%clk 00:01:34]} {[%emt 00:00:56]} 25. Qf3 {[%clk 00:36:32]} {[%emt 00:07:00]}
Be8 {[%clk 00:01:46]} {[%emt 00:00:16]} 26. g4 {[%clk 00:36:36]} {[%emt
00:00:28]} g6 {[%clk 00:00:40]} {[%emt 00:01:36]} 27. gxf5 {[%clk 00:36:22]}
{[%emt 00:00:45]} gxf5 {[%clk 00:01:07]} {[%emt 00:00:01]} 28. Rg1+ {[%clk
00:36:32]} {[%emt 00:00:21]} Kh8 {[%clk 00:01:00]} {[%emt 00:00:36]} 29. Qg2
{[%clk 00:35:55]} {[%emt 00:01:07]} Bh5 {[%clk 00:00:55]} {[%emt 00:00:34]} 30.
Rd3 {[%clk 00:35:02]} {[%emt 00:01:25]} Rbc8 {[%clk 00:00:37]} {[%emt
00:00:47]} 31. Qg5 {[%clk 00:27:34]} {[%emt 00:07:57]} Qxg5 {[%clk 00:00:38]}
{[%emt 00:00:29]} 32. Rxg5 {[%clk 00:28:02]} {[%emt 00:00:03]} Bf7 {[%clk
00:00:44]} {[%emt 00:00:23]} 33. Nb7 {[%clk 00:27:58]} {[%emt 00:00:35]} Rg8
{[%clk 00:00:59]} {[%emt 00:00:15]} 34. Nd6 {[%clk 00:28:16]} {[%emt 00:00:12]}
Rcf8 {[%clk 00:01:07]} {[%emt 00:00:21]} 35. Rxg8+ {[%clk 00:28:17]} {[%emt
00:00:30]} Kxg8 {[%clk 00:01:30]} {[%emt 00:00:07]} 36. Kg2 {[%clk 00:27:54]}
{[%emt 00:00:54]} Kh8 {[%clk 00:00:46]} {[%emt 00:01:12]} 37. Kf2 {[%clk
00:27:25]} {[%emt 00:00:59]} Bh5 {[%clk 00:01:08]} {[%emt 00:00:08]} 38. Rg3
{[%clk 00:27:27]} {[%emt 00:00:29]} f4 {[%clk 00:00:39]} {[%emt 00:00:59]} 39.
Rg5 {[%clk 00:27:46]} {[%emt 00:00:12]} Bg6 {[%clk 00:01:03]} {[%emt 00:00:05]}
40. d5 {[%clk 00:26:39]} {[%emt 00:01:39]} cxd5 {[%clk 00:01:06]} {[%emt
00:00:26]} 41. cxd5 {[%clk 00:26:38]} {[%emt 00:00:31]} exd5 {[%clk 00:00:48]}
{[%emt 00:00:48]} 42. e6 {[%clk 00:27:03]} {[%emt 00:00:05]} Rd8 {[%clk
00:00:37]} {[%emt 00:00:40]} 43. e7 {[%clk 00:26:50]} {[%emt 00:00:44]} 1-0

[Event "POHÁR města Říčany 2023"]
[Site "Městské kulturní středisko U labutě"]
[Date "2023.08.27"]
[Round "3.5"]
[White "Pressler, Tobias"]
[Black "Taborsky, Rostislav"]
[Result "1-0"]
[WhiteFideId "23715359"]
[BlackFideId "307491"]
[WhiteElo "1912"]
[BlackElo "2153"]
[PlyCount "0"]
[EventDate "2023.08.26"]

1. e4 {[%clk 01:30:49]} {[%emt 00:00:03]} c5 {[%clk 01:30:35]} {[%emt
00:00:33]} 2. Nc3 {[%clk 01:31:00]} {[%emt 00:00:19]} e6 {[%clk 01:30:41]}
{[%emt 00:00:24]} 3. d4 {[%clk 01:30:55]} {[%emt 00:00:35]} cxd4 {[%clk
01:30:42]} {[%emt 00:00:29]} 4. Qxd4 {[%clk 01:31:19]} {[%emt 00:00:06]} Nc6
{[%clk 01:30:51]} {[%emt 00:00:21]} 5. Qd3 {[%clk 01:30:33]} {[%emt 00:01:15]}
Nf6 {[%clk 01:28:28]} {[%emt 00:02:53]} 6. Bf4 {[%clk 01:29:33]} {[%emt
00:01:30]} Bb4 {[%clk 01:11:14]} {[%emt 00:17:44]} 7. Nge2 {[%clk 01:25:53]}
{[%emt 00:04:11]} d5 {[%clk 00:53:26]} {[%emt 00:18:17]} 8. O-O-O {[%clk
01:24:35]} {[%emt 00:01:47]} Nxe4 {[%clk 00:39:54]} {[%emt 00:14:03]} 9. Nxe4
{[%emt 00:01:17]} dxe4 {[%emt 00:00:26]} 10. Qxe4 {[%emt 00:02:55]} Qa5 {[%emt
00:05:54]} 11. Kb1 {[%emt 00:01:00]} O-O {[%emt 00:07:26]} 12. Nd4 {[%clk
01:11:41]} {[%emt 00:00:05]} Nxd4 {[%clk 00:33:30]} {[%emt 00:04:14]} 13. Rxd4
{[%clk 01:09:10]} {[%emt 00:03:01]} Bc5 {[%clk 00:21:48]} {[%emt 00:12:12]} 14.
Rd2 {[%emt 00:06:29]} Be7 {[%clk 00:20:56]} {[%emt 00:00:25]} 15. Bc4 {[%emt
00:12:36]} Bf6 {[%emt 00:03:42]} 16. Rhd1 {[%emt 00:05:15]} a6 {[%emt
00:03:38]} 17. a3 {[%clk 00:55:04]} Ra7 {[%clk 00:04:56]} {[%emt 00:02:53]} 18.
Bb8 {[%clk 00:33:23]} {[%emt 00:22:11]} Ra8 {[%clk 00:05:21]} {[%emt 00:00:06]}
19. Bd6 {[%clk 00:33:40]} {[%emt 00:00:13]} Re8 {[%clk 00:05:34]} {[%emt
00:00:17]} 20. f4 {[%clk 00:29:45]} {[%emt 00:04:25]} Qb6 {[%clk 00:02:08]}
{[%emt 00:03:56]} 21. Be5 {[%clk 00:26:51]} {[%emt 00:03:25]} Bxe5 {[%clk
00:02:01]} {[%emt 00:00:37]} 22. fxe5 {[%clk 00:26:54]} {[%emt 00:00:26]} Qc7
{[%clk 00:01:44]} {[%emt 00:00:48]} 23. Rd6 {[%clk 00:26:48]} {[%emt 00:00:35]}
Rb8 {[%clk 00:01:19]} {[%emt 00:00:55]} 24. Qd4 {[%clk 00:26:09]} {[%emt
00:01:09]} b5 {[%clk 00:01:28]} {[%emt 00:00:22]} 25. Be2 {[%clk 00:26:32]}
{[%emt 00:00:06]} Bb7 {[%clk 00:01:03]} {[%emt 00:00:56]} 26. Rd7 {[%clk
00:25:58]} {[%emt 00:01:03]} Qc8 {[%clk 00:01:03]} {[%emt 00:00:30]} 27. Qa7
{[%clk 00:21:54]} {[%emt 00:04:34]} Be4 {[%clk 00:00:38]} {[%emt 00:00:55]} 28.
Rc7 {[%clk 00:19:15]} {[%emt 00:03:09]} Ra8 {[%clk 00:00:54]} {[%emt 00:00:14]}
29. Rxc8 {[%clk 00:19:27]} {[%emt 00:00:18]} Rexc8 {[%clk 00:01:24]} 30. Qb6
{[%clk 00:16:57]} {[%emt 00:03:00]} Bxc2+ {[%clk 00:01:41]} {[%emt 00:00:13]}
31. Ka2 {[%clk 00:17:16]} {[%emt 00:00:11]} Bxd1 {[%clk 00:01:48]} {[%emt
00:00:24]} 32. Bxd1 {[%clk 00:17:41]} {[%emt 00:00:04]} Rcb8 {[%clk 00:01:07]}
{[%emt 00:01:11]} 33. Qc7 {[%clk 00:16:32]} {[%emt 00:01:38]} Rc8 {[%clk
00:01:24]} {[%emt 00:00:13]} 34. Qa5 {[%clk 00:16:49]} {[%emt 00:00:13]} Rc5
{[%clk 00:00:43]} {[%emt 00:01:11]} 35. Bf3 {[%clk 00:17:07]} {[%emt 00:00:11]}
Rf8 {[%clk 00:00:39]} {[%emt 00:00:33]} 36. Qxa6 {[%clk 00:16:28]} {[%emt
00:01:10]} Rxe5 {[%clk 00:01:04]} {[%emt 00:00:05]} 37. Qb6 {[%clk 00:16:04]}
{[%emt 00:00:54]} h6 {[%clk 00:00:54]} {[%emt 00:00:40]} 38. Bc6 {[%clk
00:16:29]} {[%emt 00:00:05]} Rc8 {[%clk 00:00:38]} {[%emt 00:00:45]} 39. Bxb5
{[%clk 00:16:40]} {[%emt 00:00:18]} Re1 {[%clk 00:00:39]} {[%emt 00:00:29]} 40.
a4 {[%clk 00:16:51]} {[%emt 00:00:20]} g5 {[%clk 00:00:41]} {[%emt 00:00:28]}
41. a5 {[%clk 00:17:13]} {[%emt 00:00:08]} Rcc1 {[%clk 00:00:44]} {[%emt
00:00:27]} 42. a6 {[%clk 00:17:17]} {[%emt 00:00:26]} Ra1+ {[%clk 00:01:02]}
{[%emt 00:00:12]} 43. Kb3 {[%clk 00:17:42]} {[%emt 00:00:04]} Re3+ {[%clk
00:01:13]} {[%emt 00:00:19]} 44. Qxe3 {[%clk 00:18:07]} {[%emt 00:00:05]} 1-0

[Event "POHÁR města Říčany 2023"]
[Site "Městské kulturní středisko U labutě"]
[Date "2023.08.27"]
[Round "3.6"]
[White "Bezdek, Tomas"]
[Black "Zemlicka, Vit"]
[Result "1/2-1/2"]
[WhiteFideId "23733551"]
[BlackFideId "303143"]
[WhiteElo "2136"]
[BlackElo "1950"]
[PlyCount "0"]
[EventDate "2023.08.26"]

1. e4 {[%clk 01:30:52]} {[%emt 00:00:07]} g6 {[%clk 01:09:37]} {[%emt
00:21:24]} 2. h4 {[%clk 01:31:08]} {[%emt 00:00:13]} Nf6 {[%clk 01:09:36]}
{[%emt 00:00:32]} 3. e5 {[%clk 01:31:30]} {[%emt 00:00:08]} Nh5 {[%clk
01:09:47]} {[%emt 00:00:18]} 4. d4 {[%clk 01:31:36]} {[%emt 00:00:24]} d6
{[%clk 01:09:15]} {[%emt 00:01:02]} 5. exd6 {[%clk 01:29:57]} {[%emt 00:02:10]}
cxd6 {[%clk 01:08:54]} {[%emt 00:00:51]} 6. Be2 {[%clk 01:29:13]} {[%emt
00:01:13]} Nc6 {[%clk 00:58:35]} {[%emt 00:10:50]} 7. c3 {[%clk 01:28:47]}
{[%emt 00:00:56]} e5 {[%clk 00:56:05]} {[%emt 00:03:00]} 8. dxe5 {[%clk
01:26:33]} {[%emt 00:02:44]} dxe5 {[%clk 00:56:02]} {[%emt 00:00:33]} 9. Bxh5
{[%clk 01:21:32]} {[%emt 00:05:31]} gxh5 {[%clk 00:53:19]} {[%emt 00:03:13]} 10.
Qxh5 {[%clk 01:19:39]} {[%emt 00:02:23]} h6 {[%clk 00:44:53]} {[%emt 00:08:56]}
11. Qd1 {[%clk 01:12:19]} {[%emt 00:07:49]} Qxd1+ {[%clk 00:42:24]} {[%emt
00:02:59]} 12. Kxd1 {[%clk 01:12:35]} {[%emt 00:00:14]} Rg8 {[%clk 00:37:26]}
{[%emt 00:05:29]} 13. g3 {[%clk 01:12:00]} {[%emt 00:01:04]} Bg4+ {[%clk
00:37:38]} {[%emt 00:00:18]} 14. Ke1 {[%clk 01:01:52]} {[%emt 00:10:37]} O-O-O
{[%clk 00:35:27]} {[%emt 00:02:42]} 15. Nd2 {[%clk 00:59:05]} {[%emt 00:03:18]}
e4 {[%clk 00:32:14]} {[%emt 00:03:41]} 1/2-1/2